MARC details
| 000 -LEADER |
| fixed length control field |
02161cam a2200589 4500 |
| 001 - CONTROL NUMBER |
| control field |
21222 |
| 003 - CONTROL NUMBER IDENTIFIER |
| control field |
VRT |
| 005 - DATE AND TIME OF LATEST TRANSACTION |
| control field |
20260224161809.0 |
| 008 - FIXED-LENGTH DATA ELEMENTS--GENERAL INFORMATION |
| fixed length control field |
251016s2025 xo g h 000 faslo |
| 015 ## - NATIONAL BIBLIOGRAPHY NUMBER |
| National bibliography number |
SNBA2026/02 |
| 020 ## - INTERNATIONAL STANDARD BOOK NUMBER |
| International Standard Book Number |
9788022217606 |
| Qualifying information |
(viazané) |
| 039 #9 - LEVEL OF BIBLIOGRAPHIC CONTROL AND CODING DETAIL [OBSOLETE] |
| Level of rules in bibliographic description |
202602060834 |
| Level of effort used to assign nonsubject heading access points |
msnk191 |
| Level of effort used to assign subject headings |
202511260909 |
| Level of effort used to assign classification |
msvkbb08 |
| Level of effort used to assign subject headings |
202511251218 |
| Level of effort used to assign classification |
msvkbb08 |
| Level of effort used to assign subject headings |
202511251217 |
| Level of effort used to assign classification |
msvkbb08 |
| 040 ## - CATALOGING SOURCE |
| Original cataloging agency |
SAVUK |
| Language of cataloging |
slo |
| Transcribing agency |
SAVUK |
| Modifying agency |
SNK |
| Description conventions |
rda |
| 041 1# - LANGUAGE CODE |
| Language code of text/sound track or separate title |
slo |
| Language code of original |
eng |
| 044 ## - COUNTRY OF PUBLISHING/PRODUCING ENTITY CODE |
| MARC country code |
xo |
| ISO country code |
SK |
| 072 #7 - SUBJECT CATEGORY CODE |
| Subject category code |
821.111(73)-3 |
| Subject category code subdivision |
Americká próza |
| Source |
konspekt |
| 072 #7 - SUBJECT CATEGORY CODE |
| Subject category code |
929 |
| Subject category code subdivision |
Biografie |
| Source |
konspekt |
| 080 ## - UNIVERSAL DECIMAL CLASSIFICATION NUMBER |
| Universal Decimal Classification number |
364.63-027.553 |
| Edition identifier |
2011 |
| 080 ## - UNIVERSAL DECIMAL CLASSIFICATION NUMBER |
| Universal Decimal Classification number |
364.63-053.2 |
| Edition identifier |
2001 |
| 080 ## - UNIVERSAL DECIMAL CLASSIFICATION NUMBER |
| Universal Decimal Classification number |
(0:82-311.4) |
| Edition identifier |
2011 |
| 080 ## - UNIVERSAL DECIMAL CLASSIFICATION NUMBER |
| Universal Decimal Classification number |
821.111(73)-31 |
| Edition identifier |
2011 |
| 080 ## - UNIVERSAL DECIMAL CLASSIFICATION NUMBER |
| Universal Decimal Classification number |
(0:82-322.6) |
| Edition identifier |
2011 |
| 100 1# - MAIN ENTRY--PERSONAL NAME |
| Personal name |
Franke, Shari |
| Relationship |
aut |
| 240 14 - UNIFORM TITLE |
| Uniform title |
The house of my mother |
| Language of a work |
Slovensky |
| 245 10 - TITLE STATEMENT |
| Title |
Dom mojej matky |
| Remainder of title |
dcérin boj za slobodu |
| Statement of responsibility, etc. |
Shari Franke ; z anglického originálu The house of my mother ... preložla Barbora Vinczeová |
| 250 ## - EDITION STATEMENT |
| Edition statement |
Vydanie I. |
| 264 #1 - PRODUCTION, PUBLICATION, DISTRIBUTION, MANUFACTURE, AND COPYRIGHT NOTICE |
| Place of production, publication, distribution, manufacture |
Bratislava |
| Name of producer, publisher, distributor, manufacturer |
Tatran |
| Date of production, publication, distribution, manufacture, or copyright notice |
2025 |
| 300 ## - PHYSICAL DESCRIPTION |
| Extent |
253 strán |
| Dimensions |
24 cm |
| 336 ## - CONTENT TYPE |
| Content type term |
text |
| Content type code |
txt |
| Source |
rdacontent |
| 337 ## - MEDIA TYPE |
| Media type term |
bez média |
| Media type code |
n |
| Source |
rdamedia |
| 338 ## - CARRIER TYPE |
| Carrier type term |
zväzok |
| Carrier type code |
nc |
| Source |
rdacarrier |
| 500 ## - GENERAL NOTE |
| General note |
Obsahuje profesijné údaje o autorke na záložke prebalu publikácie |
| 650 07 - SUBJECT ADDED ENTRY--TOPICAL TERM |
| Topical term or geographic name entry element |
domáce násilie |
| Source of heading or term |
SNKPH |
| 650 07 - SUBJECT ADDED ENTRY--TOPICAL TERM |
| Topical term or geographic name entry element |
týrané deti |
| Source of heading or term |
SNKPH |
| 650 07 - SUBJECT ADDED ENTRY--TOPICAL TERM |
| Topical term or geographic name entry element |
Family violence |
| Source of heading or term |
SNKPHeng |
| 650 07 - SUBJECT ADDED ENTRY--TOPICAL TERM |
| Topical term or geographic name entry element |
Abused children |
| Source of heading or term |
SNKPHeng |
| 655 #7 - INDEX TERM--GENRE/FORM |
| Genre/form data or focus term |
sociálne romány |
| Source of term |
SNKPH |
| 655 #7 - INDEX TERM--GENRE/FORM |
| Genre/form data or focus term |
autobiografické príbehy |
| Source of term |
SNKPH |
| 655 #7 - INDEX TERM--GENRE/FORM |
| Genre/form data or focus term |
American novels |
| Source of term |
SNKPHeng |
| 655 #7 - INDEX TERM--GENRE/FORM |
| Genre/form data or focus term |
Social novels |
| Source of term |
SNKPHeng |
| 655 #7 - INDEX TERM--GENRE/FORM |
| Genre/form data or focus term |
americké romány |
| Source of term |
SNKPH |
| 655 #7 - INDEX TERM--GENRE/FORM |
| Genre/form data or focus term |
Autobiographical stories |
| Source of term |
SNKPHeng |
| 700 1# - ADDED ENTRY--PERSONAL NAME |
| Personal name |
Vinczeová, Barbora, |
| Dates associated with a name |
1992- |
| Relationship |
trl |
| 700 1# - ADDED ENTRY--PERSONAL NAME |
| Personal name |
Zentko, Peter |
| Relationship |
bkd |
| -- |
bjd |
| 942 ## - ADDED ENTRY ELEMENTS (KOHA) |
| Source of classification or shelving scheme |
Dewey Decimal Classification |
| Koha item type |
Krásna literatúra pre dospelých |
| Suppress in OPAC |
No |
| 949 ## - LOCAL PROCESSING INFORMATION (OCLC) |
| 6 |
17A1582528 |
| a |
snkSC 212584 |
| b |
snk2025/18937 |
| o |
1885/2025 |
| 949 ## - LOCAL PROCESSING INFORMATION (OCLC) |
| 6 |
270001000671244 |
| a |
svkbbB 68479 |
| b |
svkbbm 817614 |
| 949 ## - LOCAL PROCESSING INFORMATION (OCLC) |
| 6 |
273K0699969 |
| a |
svkpoB 121500 |
| b |
svkpo689026 |
| 949 ## - LOCAL PROCESSING INFORMATION (OCLC) |
| 6 |
270001000671925 |
| a |
svkbbB 68479-a |
| b |
svkbbm 818325 |
| 949 ## - LOCAL PROCESSING INFORMATION (OCLC) |
| 6 |
2889405341 |
| a |
savukS 168995 |
| b |
savuk2025/1647 |